| 000 | 00759nam a22001815i 4500 | ||
|---|---|---|---|
| 001 | 162242 | ||
| 003 | ES-MaACL | ||
| 005 | 20251012195800.0 | ||
| 008 | 021105s1894 sp |||| | fre d | ||
| 040 |
_aCCPB | B _bspa _cCCPB | B |
||
| 100 | 1 |
_aPlanellas, Alexandre, _d1876-1927 _9131209 |
|
| 245 | 1 | 0 |
_aDe la symphyséotomie _b: recherches expérimentales sur l'élargissement, du bassin / _cpar A. Planellas. |
| 260 |
_aBarcelona : _b[s.n.], _c1894 ( _fimprenta de Heinrich y Ca en comandita) |
||
| 300 |
_a15 p. ; _c21 cm. |
||
| 500 | 1 | _aPrecede al tít.: "XIe Congrès International de Médecine, Rome 1894" | |
| 852 |
_aES-MaACL _jT-856-F-3 _z-- Enc. hol. conservando la cub. original _z-- Enc. en un vol. facticio |
||
| 999 |
_c162242 _d162242 |
||